[Event "Karen Asrian Memorial"]
[Site "Jermuk ARM"]
[Date "2010.10.13"]
[Round "9"]
[White "Hayrapetian,A"]
[Black "Volkov,Sergey1"]
[Result "0-1"]
[WhiteElo "2362"]
[BlackElo "2595"]

1.e4 e6 2.d4 d5 3.Nd2 a6 4.Ngf3 Nf6 5.Bd3 c5 6.exd5 Qxd5 7.dxc5 Bxc5 8.Qe2 Nbd7
9.Ne4 b5 10.Nxf6+ Nxf6 11.a4 b4 12.Be3 Bxe3 13.Qxe3 O-O 14.O-O Bb7 15.Rfd1 Qc6
16.Qf4 a5 17.Qg3 Rfd8 18.Ne5 Qc5 19.Re1 Ba6 20.Qe3 Qxe3 21.Rxe3 Nd5 22.Re4 Bxd3
23.cxd3 Nb6 24.Kf1 Kf8 25.Nc4 Nd7 26.Rd4 Ke7 27.Rc1 Rac8 28.Re1 Rc5 29.f4 Rdc8
30.Ke2 R8c7 31.Kd2 g6 32.g4 h6 33.h3 g5 34.f5 e5 35.Rde4 Kf6 36.b3 Rd5 37.Kc2 Nc5
38.Rxe5 Rxd3 39.R1e3 Rd4 40.Re8 Nxb3 41.Kxb3 Rdxc4 42.Ra8 R4c5 43.Ra6+ Kg7
44.Rd3 h5 45.Rd2 R7c6 46.Ra7 Rc3+ 47.Kb2 Rxh3 48.Rdd7 Rf6 49.Rxa5 hxg4 50.Rd1 Rf3
51.Rg1 g3 52.Rb5 Rd6 53.Rxb4 Rd2+ 54.Kc1 Ra2 55.Kb1 Raa3  0-1

[Event "15th European Club Cup Women"]
[Site "Plovdiv BUL"]
[Date "2010.10.19"]
[Round "3"]
[White "Zimina,O"]
[Black "Hou Yifan"]
[Result "0-1"]
[WhiteElo "2334"]
[BlackElo "2578"]

1.e4 e6 2.d4 d5 3.Nd2 Nc6 4.Ngf3 Nf6 5.e5 Nd7 6.Bb5 a6 7.Bxc6 bxc6 8.Nb3 c5
9.Bg5 Be7 10.Na5 Nb8 11.Bxe7 Qxe7 12.c4 O-O 13.O-O Rd8 14.Rc1 dxc4 15.Rxc4 cxd4
16.Nxd4 Rd5 17.Qf3 Nd7 18.Nac6 Qf8 19.Nf5 Kh8 20.Rh4 h6 21.Nb4 Nxe5 22.Qe4 Ng6
23.Rh3 c6 24.Nxd5 cxd5 25.Qd4 e5 26.Qg4 Ne7 27.Rh5 Bxf5 28.Rxf5 Qc8  0-1

[Event "32nd Open"]
[Site "Arco ITA"]
[Date "2010.10.20"]
[Round "5"]
[White "Di Lazzaro,G"]
[Black "Rotoni,M"]
[Result "1/2-1/2"]
[WhiteElo "1901"]
[BlackElo "2132"]

1.e4 e6 2.d4 d5 3.Nd2 Be7 4.e5 c5 5.dxc5 Nd7 6.Ngf3 Nxc5 7.Nb3 Bd7 8.Be2 Qc7
9.O-O f6 10.Nxc5 Bxc5 11.exf6 Nxf6 12.Bd3 O-O 13.Qe2 Kh8 14.Ne5 Be8 15.Bf4 Bd6
16.Bg3 Bh5 17.Qe3 Ne4 18.Bxe4 Bxe5 19.Bd3 Bxg3 20.Qxg3 Qxg3 21.hxg3 e5 22.f3 Rfe8
23.Rfe1 Kg8 24.g4 Bg6 25.Bxg6  1/2-1/2

[Event "WY Girls-U16"]
[Site "Porto Carras GRE"]
[Date "2010.10.20"]
[Round "1.9"]
[White "Terzidaki,A"]
[Black "Baciu,D"]
[Result "1-0"]
[WhiteElo "1885"]
[BlackElo "2153"]

1.e4 e6 2.d4 d5 3.Nd2 Be7 4.Ngf3 Nf6 5.e5 Nfd7 6.Bd3 c5 7.O-O Nc6 8.Re1 Qc7
9.Nf1 cxd4 10.Bb5 Bc5 11.Bf4 Qb6 12.Bd3 Nf8 13.Ng3 Ng6 14.Bg5 Bd7 15.Nh5 Rg8
16.a3 h6 17.Bxh6 O-O-O 18.Bxg7 Qxb2 19.Qe2 Qc3 20.Bh6 Bb6 21.Bg5 Rdf8 22.Reb1 Ngxe5
23.Nxe5 Rxg5 24.f4 Nxe5 25.fxg5 Nxd3 26.cxd3 Kb8 27.Rc1 Qb3 28.Rcb1 Qc3 29.Nf6 Bb5
30.Rc1 Qa5 31.a4 Bc6 32.Rxc6 bxc6 33.Nd7+  1-0

[Event "WY Boys-U14"]
[Site "Porto Carras GRE"]
[Date "2010.10.21"]
[Round "2.18"]
[White "Studer,N"]
[Black "Svane,R"]
[Result "0-1"]
[WhiteElo "2042"]
[BlackElo "2208"]

1.e4 e6 2.d4 d5 3.Nd2 a6 4.Ngf3 Nf6 5.e5 Nfd7 6.Bd3 c5 7.c3 Nc6 8.O-O g5
9.Bb1 h5 10.Nb3 g4 11.Ne1 a5 12.a4 b6 13.f4 Ba6 14.Rf2 cxd4 15.cxd4 f5 16.exf6 Qxf6
17.f5 Bd6 18.Bf4 Bxf4 19.Rxf4 O-O 20.g3 Rae8 21.Ng2 Bc4 22.Nd2 Nxd4 23.Nxc4 Nf3+
24.Rxf3 gxf3 25.Nf4 dxc4 26.Qxd7 exf5 27.Qd5+ Rf7 28.Bxf5 Qxf5 29.Qxf5 Rxf5
30.Kf2 b5 31.Rc1 Rc8 32.Kxf3 bxa4 33.Ra1 Rb5 34.Ra2 a3 35.bxa3 c3 36.Rc2 Rb2
37.Rc1 c2 38.Ke2 Rb1 39.Kd2 Rxc1 40.Kxc1 Rc5 41.Ne2 Kf7 42.Nd4 Kf6 43.Nb3 Rc3
44.Nxa5 Rxa3 45.Nc6 Rc3 46.Nd4 Kg5 47.Nxc2 Kg4 48.Kd2 Rc5 49.Ne1 Kh3 50.Nd3 Rg5
51.Ne1 Rf5 52.Nc2 Kxh2 53.Ne3 Rf2+ 54.Ke1 Kxg3  0-1

[Event "WY Boys-U16"]
[Site "Porto Carras GRE"]
[Date "2010.10.22"]
[Round "3.3"]
[White "Meribanov,V"]
[Black "Bajarani,U"]
[Result "1-0"]
[WhiteElo "2219"]
[BlackElo "2408"]

1.e4 e6 2.d4 d5 3.Nd2 Be7 4.Bd3 c5 5.dxc5 Nf6 6.Qe2 O-O 7.Ngf3 a5 8.O-O Na6
9.e5 Nd7 10.c3 Naxc5 11.Bc2 b6 12.Re1 Ba6 13.Qe3 f6 14.b4 fxe5 15.Nxe5 Nxe5
16.bxc5 Bxc5 17.Qxe5 Bxf2+ 18.Kh1 Bxe1 19.Qxe1 Rf6 20.Nf3 Qf8 21.Bg5 Rxf3
22.gxf3 Qxf3+ 23.Kg1 Rf8 24.Qxe6+ Kh8 25.Qe3 Qg4+ 26.Qg3 Qe2 27.Qg2 Qe5 28.Qg3 Qe2
29.Qg2 Qe5 30.Bd2 d4 31.Qe4 Qh5 32.cxd4 Bc4 33.Re1 Bd5 34.Qe2 Bf3 35.Qe5 Qg4+
36.Qg3 Qxd4+ 37.Be3 Qc3 38.Bb1 Re8 39.Qh4 Bh5 40.Qxh5 Qxe1+ 41.Kg2 g6 42.Bxg6 Re7
43.Bd4+ Kg8 44.Qd5+  1-0

[Event "32nd Open"]
[Site "Arco ITA"]
[Date "2010.10.23"]
[Round "8"]
[White "Herman,Ma"]
[Black "Casagrande,F"]
[Result "1-0"]
[WhiteElo "2149"]
[BlackElo "2010"]

1.e4 e6 2.d4 d5 3.Nd2 Nc6 4.Ngf3 Nf6 5.e5 Nd7 6.Nb3 Be7 7.Bb5 a6 8.Bxc6 bxc6
9.Na5 Bb4+ 10.Bd2 Bxa5 11.Bxa5 c5 12.c3 O-O 13.dxc5 f6 14.Qd4 Nb8 15.exf6 Nc6
16.Qa4 Nxa5 17.Qxa5 gxf6 18.O-O Rb8 19.b4 Rb5 20.Qa3 e5 21.Qc1 Kh8 22.Re1 Rg8
23.Re3 d4 24.cxd4 exd4 25.Rb3 Be6 26.Rb2 Bd5 27.Qf4 a5 28.a3 Rg6 29.Nh4 Rg7
30.Qxd4 Qa8 31.Rd1  1-0

[Event "15th European Club Cup Women"]
[Site "Plovdiv BUL"]
[Date "2010.10.23"]
[Round "7"]
[White "Almer,J"]
[Black "Straub,N"]
[Result "1/2-1/2"]
[WhiteElo "1908"]
[BlackElo "2224"]

1.e4 e6 2.d4 d5 3.Nd2 a6 4.Ngf3 c5 5.exd5 exd5 6.Be2 c4 7.O-O Bd6 8.b3 cxb3
9.axb3 Ne7 10.Ba3 Nbc6 11.Bxd6 Qxd6 12.Re1 O-O 13.Nf1 Nf5 14.c3 Bd7 15.Bd3 Rfe8
16.Qd2 h6 17.h3 Rac8  1/2-1/2

[Event "WY Girls-U16"]
[Site "Porto Carras GRE"]
[Date "2010.10.24"]
[Round "5.11"]
[White "Kessler,Mi"]
[Black "Terzidaki,A"]
[Result "1-0"]
[WhiteElo "2052"]
[BlackElo "1885"]

1.e4 e6 2.d4 d5 3.Nd2 Be7 4.e5 c5 5.Qg4 Kf8 6.Ndf3 Nc6 7.a3 cxd4 8.Bd2 Qc7
9.Qg3 Qb6 10.b4 Bd7 11.Bd3 h5 12.Ng5 Nxe5 13.Nh7+ Rxh7 14.Bxh7 Nc4 15.Bxg8 Kxg8
16.Bg5 Bf8 17.Nf3 e5 18.O-O e4 19.Nh4 Bd6 20.Bf4 Bxf4 21.Qxf4 Rc8 22.Qg5 Be6
23.Nf5 Bxf5 24.Qxf5 Qc6 25.Rfd1 Qe6 26.Qxe6 fxe6 27.Rxd4 Ne5 28.Rd2 Rc3 29.a4 Nc4
30.Re2 Kf7 31.Kf1 e5 32.Ke1 Ke6 33.Rb1 Na3 34.Rb2 Nc4 35.Rb3 Rxb3 36.cxb3 Nb6
37.f3 exf3 38.gxf3 Kf5 39.Rc2 Kf4 40.Ke2 d4 41.Rc7 Nd5 42.Rf7+ Kg5 43.Rxg7+ Kh4
44.Rxb7 a6 45.Kd3 Nf4+ 46.Ke4 d3 47.Kxe5 d2 48.Rd7  1-0

[Event "20th World Seniors"]
[Site "Arco ITA"]
[Date "2010.10.29"]
[Round "4"]
[White "Agzamov,Va"]
[Black "Farago,I"]
[Result "1/2-1/2"]
[WhiteElo "2209"]
[BlackElo "2420"]

1.e4 e6 2.d4 d5 3.Nd2 Be7 4.c3 c5 5.exd5 exd5 6.dxc5 Bxc5 7.Nb3 Bb6 8.Nf3 Nf6
9.Be2 O-O 10.O-O Nc6 11.Bg5 Re8 12.Bh4 h6 13.Re1 g5 14.Bg3 Ne4 15.Nfd4 Qf6
16.Bf3 Nxd4 17.cxd4 Bd7 18.Be5 Rxe5 19.dxe5 Bxf2+ 20.Kh1 Bxe1 21.exf6 Nf2+
22.Kg1 Nxd1 23.Rxd1 Re8 24.Bxd5 Bc8 25.a3 Bg4 26.Rd4 Bf5 27.Kf1 Bc2 28.Na1 Bg6
29.Nb3 Bc2  1/2-1/2

[Event "Chigorin Mem Classic Open"]
[Site "St Petersburg RUS"]
[Date "2010.10.29"]
[Round "2"]
[White "Guzenko,A"]
[Black "Yevseev,D"]
[Result "0-1"]
[WhiteElo "2213"]
[BlackElo "2531"]

1.e4 e6 2.d4 d5 3.Nd2 Be7 4.Bd3 c5 5.dxc5 Nf6 6.exd5 Qxd5 7.Ngf3 Nbd7 8.Bc4 Qxc5
9.Qe2 O-O 10.Nb3 Qc7 11.Nbd4 a6 12.O-O b5 13.Bb3 Nc5 14.Re1 Nxb3 15.cxb3 Bb7
16.Bg5 Bd5 17.Rac1 Qb7 18.Qe5 Rac8 19.Nh4 Nd7 20.Qg3 Bxg5 21.Qxg5 h6 22.Qd2 Nf6
23.Nc2 Rfd8 24.Ne3 Bxg2 25.Rxc8 Qxc8 26.Rc1 Qb8 27.Qa5 Be4 28.Nhg2 Rd6 29.Nf4 e5
30.Ne2 Qd8 31.Qxd8+ Rxd8 32.Rd1 Rxd1+ 33.Nxd1 Bf3 34.Kf1 Nd5 35.Ndc3 Nxc3
36.Nxc3 Kf8 37.b4 Ke7 38.Ke1 g5 39.Kd2 f5 40.a4 Bc6 41.a5 Kd6 42.Ne2 Bd5
43.Ng3 Ke6 44.Ne2 f4 45.Kc3 g4  0-1

[Event "Chigorin Mem Classic Open"]
[Site "St Petersburg RUS"]
[Date "2010.10.29"]
[Round "2"]
[White "Yudin,S"]
[Black "Poghosyan,S"]
[Result "1-0"]
[WhiteElo "2521"]
[BlackElo "2335"]

1.e4 e6 2.d4 d5 3.Nd2 Be7 4.Ngf3 Nf6 5.Bd3 c5 6.e5 Nfd7 7.c3 b6 8.O-O Ba6
9.Ne1 h5 10.Ndf3 Qc8 11.Bg5 Nc6 12.Nc2 c4 13.Be2 f6 14.exf6 gxf6 15.Bh4 Qc7
16.b3 O-O-O 17.Nd2 Bd6 18.bxc4 Bxh2+ 19.Kh1 Ne7 20.cxd5 Bb7 21.dxe6 Bxg2+
22.Kxg2 Rdg8+ 23.Kh1 Nf5 24.exd7+ Kb8 25.Nb4  1-0

[Event "Chigorin Mem Classic Open"]
[Site "St Petersburg RUS"]
[Date "2010.10.29"]
[Round "2"]
[White "Duzhakov,I"]
[Black "Stupak,K"]
[Result "0-1"]
[WhiteElo "2336"]
[BlackElo "2502"]

1.d4 e6 2.e4 d5 3.Nd2 Nc6 4.Ngf3 Nf6 5.e5 Nd7 6.Be2 f6 7.exf6 Nxf6 8.O-O Bd6
9.b3 e5 10.dxe5 Nxe5 11.Bb2 Ng6 12.c4 O-O 13.Nd4 c5 14.Nb5 d4 15.b4 Be5 16.Nf3 a6
17.Na3 b6 18.Nc2 Bd6 19.a4 a5 20.bxc5 bxc5 21.Nce1 Nf4 22.Nd3 Nxe2+ 23.Qxe2 Bg4
24.Rae1 Qc7 25.h3 Bh5 26.g4 Rae8 27.Nfe5 Bf7 28.f4 Bxc4 29.Qc2 Bxd3 30.Nxd3 c4
31.Ne5 c3 32.g5 Bxe5 33.fxe5 Nd5 34.Rxf8+ Rxf8 35.Ba3 Nb4 36.Qe4 Qc5 37.Kh1 Re8
38.e6 Qc6 39.Qxc6 Nxc6 40.Kg2 d3  0-1

[Event "20th World Seniors"]
[Site "Arco ITA"]
[Date "2010.10.30"]
[Round "5"]
[White "Plachetka,J"]
[Black "Toefferl,H"]
[Result "1-0"]
[WhiteElo "2345"]
[BlackElo "2126"]

1.e4 e6 2.d4 d5 3.Nd2 Nc6 4.Ngf3 Nf6 5.e5 Nd7 6.Bb5 a5 7.O-O Na7 8.Bd3 b6
9.Re1 c5 10.c3 Nc6 11.Nf1 Ba6 12.Bb1 Be7 13.Ne3 Qc7 14.a3 h6 15.h4 O-O-O
16.b4 c4 17.bxa5 Nxa5 18.Bc2 f5 19.Bxf5 Qc6 20.Bh3 Rdg8 21.a4 Nb3 22.Ra2 Nxc1
23.Qxc1 g5 24.h5 Rf8 25.Nh2 Kc7 26.Nhg4 Bc8 27.Nc2 Nb8 28.Nb4 Qe8 29.a5 bxa5
30.Rxa5 Qxh5 31.Ra7+ Kd8 32.Qa3 Rf4 33.Rxe7  1-0

[Event "14th OIBM"]
[Site "Bad Wiessee GER"]
[Date "2010.10.30"]
[Round "1.49"]
[White "Ringoir,T"]
[Black "Mosblech,Michael"]
[Result "1-0"]
[WhiteElo "2379"]
[BlackElo "1972"]

1.e4 e6 2.d4 d5 3.Nd2 Nc6 4.Ngf3 Nf6 5.e5 Nd7 6.Bb5 Be7 7.O-O a6 8.Ba4 Nb6
9.Bxc6+ bxc6 10.c4 dxc4 11.Qc2 Qd5 12.Ne4 Bb7 13.Be3 h6 14.Nc5 Ra7 15.Rac1 a5
16.Rfd1 Ba6 17.Nd2 O-O 18.Nde4 Bb5 19.Qd2 Kh7 20.Rc3 Rg8 21.Bg5 f6 22.exf6 gxf6
23.Bxf6 Bxc5 24.Qc2 Qf5 25.Rf3  1-0

[Event "16th Venetian Chess Autumn"]
[Site "Venice ITA"]
[Date "2010.10.30"]
[Round "1.24"]
[White "Carlassara,R"]
[Black "Pfeifer,And"]
[Result "0-1"]
[WhiteElo "1831"]
[BlackElo "2046"]

1.e4 e6 2.d4 d5 3.Nd2 Nc6 4.c3 e5 5.exd5 Qxd5 6.dxe5 Nxe5 7.Qe2 Be6 8.Ngf3 Nxf3+
9.Nxf3 O-O-O 10.Be3 Nf6 11.Qb5 a6 12.Qa4 Bc5 13.Bxc5 Qxc5 14.Be2 Bd7 15.Qc2 Rhe8
16.b4 Rxe2+  0-1

[Event "14th OIBM"]
[Site "Bad Wiessee GER"]
[Date "2010.10.31"]
[Round "2.1"]
[White "Schoenberger,P"]
[Black "Khalifman,A"]
[Result "0-1"]
[WhiteElo "2174"]
[BlackElo "2626"]

1.e4 e6 2.d4 d5 3.Nd2 Be7 4.Ngf3 Nf6 5.Bd3 c5 6.c3 cxd4 7.cxd4 dxe4 8.Nxe4 Nc6
9.O-O O-O 10.Be3 Nd5 11.Nc3 Bf6 12.Rc1 Nce7 13.Ne4 b6 14.Nfg5 Bxg5 15.Nxg5 Nf5
16.Bd2 h6 17.Nf3 Bb7 18.Qe2 Nf6 19.Bc3 Rc8 20.Ba6 Qd5 21.Bxb7 Qxb7 22.h3 Rfd8
23.Rfd1 Rc7 24.a3 Rdc8 25.Bd2 Rc2 26.Qe5 Ne4 27.Rxc2 Rxc2 28.Be1 Ne7 29.b4 Ng6
30.Qb5 Nf4 31.Qe5 Ne2+ 32.Kh1 Qd5 33.Qb8+ Kh7 34.Qxa7 Ng5 35.Nxg5+ hxg5 36.Rd2 Nf4
37.f3 Rc1 38.Qxf7 Rxe1+ 39.Kh2 Qc4 40.h4 Rh1+ 41.Kxh1 Qc1+ 42.Kh2 Qxd2  0-1

[Event "Chigorin Mem Classic Open"]
[Site "St Petersburg RUS"]
[Date "2010.10.31"]
[Round "4"]
[White "Guzenko,A"]
[Black "Alavkin,A"]
[Result "1-0"]
[WhiteElo "2213"]
[BlackElo "2437"]

1.e4 e6 2.d4 d5 3.Nd2 a6 4.Ngf3 Nf6 5.e5 Nfd7 6.c3 c5 7.Nb3 Nc6 8.Nxc5 Nxc5
9.dxc5 Bxc5 10.Bd3 f6 11.Qe2 Bd7 12.O-O O-O 13.exf6 gxf6 14.c4 d4 15.Kh1 Qe7
16.Bh6 Rf7 17.Nd2 Ne5 18.Be4 Bc6 19.f4 d3 20.Qe1 Ng6 21.Rf3 Rd8 22.Rd1 Bd4
23.h4 f5 24.Bxc6 bxc6 25.h5 Nf8 26.Rg3+ Kh8 27.Rxd3 Bxb2 28.Rxd8 Qxd8 29.Nf3 Qe8
30.Qe2 Bg7 31.Bxg7+ Kxg7 32.Ne5 Rb7 33.Rd3 Qe7 34.Rg3+ Kh6 35.Rg5 Qa3 36.Kh2 Rg7
37.Qd2 Rxg5 38.fxg5+ Kxh5 39.Qf4 Qxa2 40.Nf3 Qf2 41.g6 h6 42.g7 Ng6 43.Qc7 Nh4
44.Qg3  1-0

[Event "Chigorin Mem Classic Open"]
[Site "St Petersburg RUS"]
[Date "2010.10.31"]
[Round "4"]
[White "Yakovlev,YuriS"]
[Black "Yakimenko,Alex"]
[Result "0-1"]
[WhiteElo "2041"]
[BlackElo "2211"]

1.e4 e6 2.d4 d5 3.Nd2 Nc6 4.Ngf3 Nf6 5.e5 Nd7 6.Bd3 Nb4 7.Be2 c5 8.c3 Nc6
9.Bd3 Qb6 10.dxc5 Bxc5 11.Qe2 Qc7 12.Nb3 Bb6 13.Bf4 Nc5 14.Nxc5 Bxc5 15.Bg3 Bd7
16.Rc1 Rc8 17.h4 a5 18.Nh2 Qb6 19.Nf3 Ne7 20.O-O Nf5 21.Bf4 Be7 22.h5 h6
23.Rfd1 Bc5 24.Bxf5 exf5 25.Rxd5 Be6 26.Rd2 Bc4 27.Qd1 O-O 28.b3 Be6 29.Nd4 Bxd4
30.Rxd4 Rfd8 31.Rd6 Rxd6 32.Qxd6 Rc6 33.Qd2 Qc5 34.Qb2 Rc7 35.c4 Rd7 36.Be3 Qc6
37.Qc2 Qc7 38.Qc3 Qd8 39.Qe1 a4 40.g3 Rd3 41.bxa4 Bd7 42.Rd1 Bxa4 43.Rxd3 Qxd3
44.Qd2 Qe4 45.Qe2 f4 46.gxf4 Bc6 47.f3 Qf5 48.Bd4 Qxh5 49.Kf2 Qf5 50.Ke3 Qh3
51.Bc3 h5 52.Qf2 Qe6 53.Kd4 Qd7+ 54.Ke3 Qd1 55.Qe2 Qc1+ 56.Qd2 Qh1 57.Qf2 h4
58.f5 h3 59.e6 h2  0-1

[Event "XXIII Belgrade Trophy"]
[Site "Obrenovac SRB"]
[Date "2010.11.01"]
[Round "8.3"]
[White "Radulski,J"]
[Black "Jacimovic,D"]
[Result "1-0"]
[WhiteElo "2606"]
[BlackElo "2428"]

1.e4 e6 2.d4 d5 3.Nd2 Be7 4.Bd3 c5 5.dxc5 Nf6 6.Qe2 O-O 7.Ngf3 Nc6 8.O-O Bxc5
9.e5 Nd7 10.c4 f6 11.exf6 Nxf6 12.Nb3 Bb6 13.Bg5 Qe8 14.Rae1 Qh5 15.h3 Bd7
16.Be3 Bc7 17.Nc5 Bc8 18.Bg5 Re8 19.Bxf6 gxf6 20.cxd5 Qxd5 21.Qc2 Qh5 22.Re4 Ne5
23.Nxe5 Bxe5 24.Qc4 Qf7 25.Rfe1 b5 26.Rg4+ Kf8 27.Qe4 Rb8 28.Qe3 Re7 29.Rd1 Bxb2
30.Qh6+ Ke8 31.Bg6  1-0

[Event "Chigorin Mem Classic Open"]
[Site "St Petersburg RUS"]
[Date "2010.11.01"]
[Round "5"]
[White "Denisov,I"]
[Black "Shipov,S"]
[Result "0-1"]
[WhiteElo "2267"]
[BlackElo "2557"]

1.e4 e6 2.d4 d5 3.Nd2 a6 4.Ngf3 Nf6 5.Bd3 c5 6.dxc5 Bxc5 7.O-O Nc6 8.a3 Ba7
9.b4 O-O 10.Bb2 h6 11.Qe2 b5 12.h3 Bb7 13.Rfd1 Re8 14.Nf1 dxe4 15.Bxe4 Qe7
16.Bd3 e5 17.Ng3 e4 18.Bxf6 exf3 19.Qxe7 Nxe7 20.Bb2 fxg2 21.Nh5 f6 22.Nf4 Nc6
23.Bg6 Re7 24.Bf5 Rae8 25.Bg6 Rb8 26.Bf5 Bc8 27.Bxc8 Rxc8 28.Kxg2 Kf7 29.Rac1 Nd8
30.Bd4 Bb8 31.Nd5 Rb7 32.Be3 Ne6 33.Rd2 f5 34.f3 Rd7 35.Rcd1 g5 36.c3 Be5
37.Rd3 Rc6 38.Bf2 Rxd5 39.Rxd5 Nf4+ 40.Kf1 Nxd5 41.Rxd5 Ke6 42.Rd8 Rxc3 43.Re8+ Kd5
44.Rd8+ Kc4 45.Rc8+ Kb3 46.Re8 Bf4 47.Re6 Rxf3 48.Kg2 Rd3 49.Rxa6 h5 50.Ra5 Rd5
51.Bc5 g4 52.hxg4 fxg4 53.Rxb5 h4 54.a4 h3+  0-1

[Event "Chigorin Mem Classic Open"]
[Site "St Petersburg RUS"]
[Date "2010.11.02"]
[Round "6"]
[White "Bogdanovich,S"]
[Black "Poghosyan,S"]
[Result "1-0"]
[WhiteElo "2464"]
[BlackElo "2335"]

1.e4 e6 2.d4 d5 3.Nd2 Be7 4.Ngf3 Nf6 5.e5 Nfd7 6.Bd3 c5 7.c3 Nc6 8.O-O Nb6
9.dxc5 Bxc5 10.b4 Be7 11.Nb3 Nd7 12.Re1 O-O 13.Qe2 Re8 14.b5 Na5 15.Nxa5 Qxa5
16.Ng5 Bxg5 17.Bxg5 Qxc3 18.Rac1 Qa3 19.Qf3 Qf8 20.Re3 f6 21.exf6 Nxf6 22.Bxf6 Qxf6
23.Bxh7+ Kxh7 24.Qh5+ Kg8 25.Qxe8+ Qf8 26.Qxf8+  1-0

[Event "20th World Seniors"]
[Site "Arco ITA"]
[Date "2010.11.03"]
[Round "8"]
[White "Carlsten,P"]
[Black "Roth,Pe"]
[Result "1/2-1/2"]
[WhiteElo "2097"]
[BlackElo "2260"]

1.e4 e6 2.d4 d5 3.Nd2 Nc6 4.Ngf3 Nf6 5.e5 Nd7 6.c3 b6 7.Bd3 Ncb8 8.Qe2 a5
9.O-O Be7 10.Ne1 Ba6 11.Bxa6 Nxa6 12.f4 g6 13.Ndf3 c5 14.Be3 Qc8 15.Bf2 Nc7
16.Nc2 Qa6 17.Qd2 c4 18.a4 b5 19.axb5 Qxb5 20.Ne3  1/2-1/2

[Event "TCh-CHN"]
[Site "Beijing CHN"]
[Date "2010.11.03"]
[Round "17"]
[White "Ni Hua"]
[Black "Li Haoyu"]
[Result "1-0"]
[WhiteElo "2667"]
[BlackElo "2369"]

1.e4 e6 2.d4 d5 3.Nd2 Be7 4.e5 c5 5.c3 Nc6 6.Ndf3 cxd4 7.cxd4 Bb4+ 8.Bd2 Qa5
9.Bd3 Bxd2+ 10.Qxd2 Qxd2+ 11.Kxd2 Nge7 12.Ne2 Bd7 13.h4 a6 14.Rac1 Rc8 15.Nf4 Nb4
16.Rxc8+ Bxc8 17.Bb1 Nbc6 18.g4 h6 19.Nh5 O-O 20.g5 hxg5 21.hxg5 Ng6 22.Ke3 Nce7
23.Nf6+ gxf6 24.gxf6 Nf5+ 25.Bxf5 exf5 26.Ng5 f4+ 27.Kd2 Bf5 28.Rh7 Rc8 29.Rxf7  1-0

[Event "14th OIBM"]
[Site "Bad Wiessee GER"]
[Date "2010.11.05"]
[Round "8.16"]
[White "Rozentalis,E"]
[Black "Eichhorn,An"]
[Result "1-0"]
[WhiteElo "2611"]
[BlackElo "2321"]

1.e4 e6 2.d4 d5 3.Nd2 Be7 4.Ngf3 Nf6 5.e5 Nfd7 6.Bd3 c5 7.c3 b6 8.Qe2 a5
9.a4 Nc6 10.O-O cxd4 11.cxd4 Nb4 12.Bb5 Ba6 13.Nb1 Bxb5 14.axb5 Qc7 15.Na3 Rc8
16.Bd2 O-O 17.Rfc1 Qb7 18.Rc3 Rc7 19.h4 Rcc8 20.h5 Rce8 21.h6 g6 22.Bf4 Bd8
23.Re3 f6 24.exf6 Nxf6 25.Rxe6 Qd7 26.Rxe8 Rxe8 27.Ne5 Qf5 28.Be3 Bc7 29.Qf3 Bxe5
30.Qxf5 Bh2+ 31.Kxh2 gxf5 32.Bf4 Re2 33.f3 Rxb2 34.Bc7 Nd7 35.Re1 Kf7 36.Bd8 Nf8
37.Bxb6 Nd3 38.Rb1 Ra2 39.Rb3 Nf4 40.Bxa5 Rxg2+ 41.Kh1 Rf2 42.b6 N8g6 43.b7 Rf1+
44.Kh2 Rf2+ 45.Kg1 Nh3+ 46.Kh1  1-0

[Event "TCh-NOR Attack-serien 2010-11"]
[Site "Oslo NOR"]
[Date "2010.11.05"]
[Round "1"]
[White "Ninov,N"]
[Black "Ostenstad,B"]
[Result "1-0"]
[WhiteElo "2533"]
[BlackElo "2466"]

1.e4 e6 2.d4 d5 3.Nd2 Be7 4.e5 c5 5.dxc5 Nc6 6.Ngf3 Bxc5 7.Nb3 Bb6 8.Bd3 Nge7
9.O-O Nb4 10.Re1 Nxd3 11.Qxd3 Bd7 12.Be3 h6 13.Bxb6 Qxb6 14.a4 a5 15.Nbd4 O-O
16.b3 Rfc8 17.Re3 Rc5 18.Qd2 Rac8 19.h4 Qc7 20.Rae1 b6 21.h5 Rc3 22.g4 Rxe3
23.Rxe3 Qc5 24.Kh2 Nc6 25.Nxc6 Rxc6 26.Nd4 Rc8 27.f4 Qe7 28.Rg3 f6 29.Qe3 Rf8
30.Kg2 Rf7 31.Nf3 d4 32.Qxd4 Bc6 33.exf6 Qc7 34.g5 Rf8 35.Qe3 Bxf3+ 36.Kxf3 Qc6+
37.Qe4  1-0

[Event "49th TCh-DEN XtraCon 2010-11"]
[Site "Denmark DEN"]
[Date "2010.11.06"]
[Round "1.7"]
[White "Ejsing,E"]
[Black "Larsen,PO"]
[Result "0-1"]
[WhiteElo "2118"]
[BlackElo "2144"]

1.e4 e6 2.d4 d5 3.Nd2 Be7 4.Ngf3 Nf6 5.e5 Nfd7 6.c3 c5 7.a3 a5 8.Bd3 Nc6
9.Nf1 cxd4 10.cxd4 Qb6 11.Bc2 f6 12.Ng3 fxe5 13.dxe5 Ndxe5 14.Nxe5 Nxe5 15.Qh5+ Nf7
16.Ba4+ Bd7 17.Bxd7+ Kxd7 18.Be3 Qxb2 19.O-O Nd6 20.Rfd1 Qf6 21.Rab1 b5 22.Qh3 Qh4
23.Qxh4 Bxh4 24.Bf4 Bxg3 25.hxg3 Rab8 26.Be5 Rhg8 27.f4 Rb7 28.Bc3 Nc4 29.f5 Nxa3
30.fxe6+ Kxe6 31.Re1+ Kd6 32.Be5+ Kc5 33.Rbd1 Nc4 34.Bd4+ Kd6 35.Rf1 Re8
36.Rf5 g6 37.Rf6+ Re6 38.Bc5+ Kxc5 39.Rxe6 b4 40.Re8 b3 41.Rc8+ Kb4 42.Rxd5 b2
43.Rd1 a4 44.Kh2 a3  0-1

[Event "TCh-BEL 2010-11"]
[Site "Belgium BEL"]
[Date "2010.11.07"]
[Round "3.2"]
[White "Coenen,N"]
[Black "Zaragatski,I"]
[Result "1/2-1/2"]
[WhiteElo "2353"]
[BlackElo "2490"]

1.e4 e6 2.d4 d5 3.Nd2 Nc6 4.Ngf3 Nf6 5.e5 Nd7 6.Be2 Be7 7.Nf1 O-O 8.Ng3 f6
9.exf6 Nxf6 10.O-O Kh8 11.Re1 Bd7 12.c3 Bd6 13.Bb5 Qe8 14.Nf5 Qh5 15.Ng3 Qe8
16.Nf5 Qg6 17.Nxd6 cxd6 18.Bf4 Ne4 19.Bg3 Nxg3 20.hxg3 Rf6 21.Bd3 Qh5 22.Nh2 Qxd1
23.Raxd1 g5 24.Ng4 Rf7 25.Ne3 Raf8 26.f3 Kg7 27.g4 Be8 28.Rd2 Rc7 29.Nd1 Rf6
30.Rde2 Bf7 31.Bb5 a6 32.Bxc6 bxc6 33.Nf2 c5 34.dxc5 Rxc5 35.Nd3 Rb5 36.Nb4 Rb6
37.a3 a5 38.Nd3 Bg6 39.Nf2 Kf7 40.Rd2 Rf4 41.Nh3 Rf6 42.Nxg5+ Ke7 43.Rxd5 h6
44.Nh3 Rxb2 45.Rxa5 Rb7 46.g5 hxg5 47.Nxg5 Rc7  1/2-1/2

[Event "TCh-HUN 2010-11"]
[Site "Mako HUN"]
[Date "2010.11.07"]
[Round "2"]
[White "Boros,De"]
[Black "Bui Vinh"]
[Result "1-0"]
[WhiteElo "2508"]
[BlackElo "2449"]

1.e4 e6 2.d4 d5 3.Nd2 Nc6 4.Ngf3 Nf6 5.e5 Nd7 6.Bd3 Nb4 7.Be2 c5 8.c3 Nc6
9.O-O Be7 10.a3 a5 11.a4 Qc7 12.Nb1 h6 13.Na3 O-O 14.Bf4 f5 15.exf6 Qxf4
16.fxe7 Nxe7 17.Bb5 c4 18.Qe2 Nf6 19.Ne5 Qf5 20.Rae1 Ng6 21.g4 Qg5 22.h4 Qxh4
23.Nxg6 Qg5 24.Nxf8 Nxg4 25.f4 Qh5 26.Nd7  1-0

[Event "TCh-SUI 2010"]
[Site "Switzerland SUI"]
[Date "2010.11.07"]
[Round "9.2"]
[White "Sokolov,And1"]
[Black "Hug,W"]
[Result "1/2-1/2"]
[WhiteElo "2569"]
[BlackElo "2463"]

1.e4 e6 2.d4 d5 3.Nd2 Nc6 4.Ngf3 Nf6 5.e5 Nd7 6.Be2 Be7 7.Nf1 f6 8.exf6 Nxf6
9.Ng3 O-O 10.O-O Bd6 11.c4 a6 12.a3 Bd7 13.c5 Bxg3 14.hxg3 h6 15.Bf4 g5 16.Be3 Qe7
17.Qc2 Qg7 18.Rad1 Be8 19.Nh2 Bg6 20.Qc1 Ne4 21.Bf3 Rad8 22.Bxe4 dxe4 23.Qc4 Rd5
24.Qb3 Rb8 25.Rd2 Bf7  1/2-1/2

[Event "Russia Cup Final KO"]
[Site "Belgorod RUS"]
[Date "2010.11.08"]
[Round "1.4"]
[White "Bocharov,D"]
[Black "Yevseev,D"]
[Result "1-0"]
[WhiteElo "2610"]
[BlackElo "2550"]

1.e4 e6 2.d4 d5 3.Nd2 Be7 4.Bd3 c5 5.c3 cxd4 6.cxd4 dxe4 7.Nxe4 Nf6 8.Nf3 Nxe4
9.Bxe4 Nd7 10.O-O Nf6 11.Bc2 O-O 12.Ne5 Bd7 13.Bg5 Bc6 14.Nxc6 bxc6 15.Qd3 g6
16.Rac1 Qd6 17.Rfd1 Rab8 18.Bb3 Rb6 19.g3 Nd5 20.Bd2 Bf6 21.Rc4 Rc8 22.Qf3 Bg7
23.h4 h5 24.Kg2 Qd7 25.Bg5 Ne7 26.Bxe7 Qxe7 27.d5 exd5 28.Rxd5 Rf8 29.Rd2 c5
30.Re2 Qd6 31.Rf4 Qc7 32.Rfe4 Rf6 33.Qd3 Rf5 34.Re7 Qc6+ 35.Qe4 Qxe4+ 36.R7xe4 Bd4
37.Bc4 Rb8 38.Re7 a5 39.b3 a4 40.bxa4 Rb4 41.Bb3 c4 42.Bc2 Rf6 43.Rc7 Bb6
44.Rb7 Kg7 45.f4 Bc5 46.Rb5 Bf8 47.Re4 Rc6 48.Kf3 Rc7 49.f5 Rxb5 50.axb5 gxf5
51.Re5 Rd7 52.a4 Rd2 53.Re2 Rd5 54.b6 Bd6 55.b7 Kf8 56.Re1 c3 57.Rb1 Bb8
58.Rb3 Rd2 59.Rxc3 Ba7 60.Rc8+ Kg7 61.Bxf5 Rb2 62.Rc7 Kf6 63.Bc2 Bb8 64.Rc6+ Kg7
65.Rc5 Rxb7 66.Rxh5 Rc7 67.Bd3 Rc3 68.Rd5 Bc7 69.g4 Ra3 70.Rd7 Bb8 71.g5 Rxa4
72.h5 Rf4+ 73.Ke3 Rh4 74.h6+  1-0

[Event "ch-ISR"]
[Site "Haifa ISR"]
[Date "2010.11.10"]
[Round "3.3"]
[White "Postny,E"]
[Black "Shachar,E"]
[Result "1-0"]
[WhiteElo "2604"]
[BlackElo "2370"]

1.e4 e6 2.d4 d5 3.Nd2 Be7 4.Ngf3 Nf6 5.Bd3 c5 6.exd5 exd5 7.dxc5 Bxc5 8.O-O O-O
9.Nb3 Bb6 10.Bg5 Nc6 11.c3 Bg4 12.h3 Bh5 13.Bf5 Kh8 14.Bg4 Bg6 15.Nfd4 Ne5
16.Re1 Nexg4 17.hxg4 Qd6 18.Nb5 Qd7 19.Bxf6 Qxb5 20.Bd4 Bc7 21.Be5 Bb6 22.a4 Qc6
23.a5 Bd8 24.Nd4 Qd7 25.f3 Bh4 26.g3 Be7 27.Qa4 Qxa4 28.Rxa4 Bc5 29.b4 Bxd4+
30.Bxd4 f6 31.Ra2 Rfe8 32.Rxe8+ Bxe8 33.Re2 h6 34.f4 a6 35.g5 hxg5 36.fxg5 Bb5
37.Re7 Rf8 38.Rxb7 Kg8 39.g6 Re8 40.Kf2 Bd3 41.Ra7 Bb5 42.g4 Re6 43.Rb7 Re8
44.g5 Rf8 45.gxf6 gxf6 46.g7 Rf7 47.Rxf7 Kxf7 48.Bxf6  1-0

[Event "2nd Balkan Grand Prix Final"]
[Site "Belgrade SRB"]
[Date "2010.11.12"]
[Round "1"]
[White "Stojanovic,Da"]
[Black "Drasko,M"]
[Result "1/2-1/2"]
[WhiteElo "2496"]
[BlackElo "2479"]

1.e4 e6 2.d4 d5 3.Nd2 Be7 4.Ngf3 Nf6 5.Bd3 c5 6.e5 Nfd7 7.c3 b6 8.Qe2 a5
9.a4 Ba6 10.Bxa6 Nxa6 11.O-O O-O 12.Re1 Nc7 13.Nb1 Re8 14.Bf4 Nf8 15.Na3 Qd7
16.dxc5 bxc5 17.c4 Reb8 18.Qc2 Ng6 19.Bg3 Rb4 20.b3 h5 21.h3 h4 22.Bh2 Qc8
23.Nd2 Bg5 24.Nf3 Be7 25.Nd2 Bg5 26.Nf3  1/2-1/2